Modern Day Countries that were part of the Spanish Empire - Statistics

General Stats
  • This quiz has been taken 28 times
  • The average score is 23 of 32
Answer Stats
Country % Correct
Mexico
93%
Argentina
89%
Colombia
89%
Costa Rica
89%
Peru
89%
Chile
85%
Guatemala
85%
Cuba
81%
Ecuador
81%
El Salvador
81%
Honduras
81%
Nicaragua
81%
Panama
81%
Paraguay
81%
Venezuela
81%
Belize
78%
Dominican Republic
78%
Philippines
78%
Uruguay
78%
Bolivia
74%
Morocco
74%
Portugal
74%
Haiti
67%
France
63%
Italy
59%
Jamaica
59%
Equatorial Guinea
56%
Netherlands
48%
Trinidad and Tobago
48%
Belgium
44%
Luxembourg
33%
United States of America (California, Florida, Guam, Louisiana, Pourto Rico)
4%
No matching quizzes found
Score Distribution
Percent of People with Each Score
Percentile by Number Answered
Your Score History
You have not taken this quiz